000 00442nam a2200169 a 4500
001 0000-9149
003 ELIB.Books
008 110520 1961
035 _a(ELIB.Books)0000-9301
082 _a220.92
_bFle
100 _aFletcher, William C.
245 _aUnlikely Saints of the Bible
260 _bGrand Rapids: Zondervan Publishing House
_c1961
650 _aBible
942 _2ddc
_cBK
998 _cbat
_e2011-05-20
999 _c9149
_d9149